Statistics for Which Top 10 Countries Visit Poland The Most?

Click here to take the quiz!

General Stats

  • This quiz has been taken 46 times
  • The average score is 9 of 10

Answer Stats

HintAnswer% Correct
7 MGermany
100%
575 KFrance
98%
1 MUnited Kingdom
98%
578 KItaly
93%
2 MUkraine
91%
708 KLithuania
84%
503 KNetherlands
84%
558 KUnited States
84%
807 KBelarus
72%
486 KNorway
49%

Score Distribution

Percentile by Number Answered

Percent of People with Each Score

Your Score History

You have not taken this quiz